Statystyki dla Państwa Bloku Wschodniego

Kliknij tutaj aby rozwiązać quiz!

Ogólne statystyki

  • Ten quiz został rozwiązany 34 razy
  • Średni wynik to 5 z 16

Statystyki odpowiedzi

Odpowiedź% Poprawnych
PRL
74%
ZSSR
70%
Czechosłowacja
63%
Jugosławia
59%
Węgry
59%
ChRL
56%
NRD
52%
Republika Albańska
4%
Republika Bułgarska
4%
Republika Korei Płn.
4%
Republika Kubańska
4%
Republika Mongolska
4%
Republika Rumuńska
4%
Republika Wietnamu
4%
Republika Kampuczy
0%
Republika Laotańska
0%

Rozkład punktacji

Percentyl według liczby udzielonych odpowiedzi

Procent ludzi z każdym wynikiem

Twoja historia wyników

Nie rozwiązałeś tego quizu